000 00492nam a2200157 a 4500
001 000036379
005 20200930075711.0
008 120116s1969 sp 000 0 spa d
040 _aDO-SdBNP
_bspa
_cBNPHU
245 0 0 _aGanivet y maeztu :
_bantología.
260 _aMadrid :
_bEditorial de Maeztu,
_c[1969].
300 _a48 p. ;
_c18 cm.
490 1 _aColección primera biblioteca
_v51
500 _aIncluye notas al pie de las páginas
830 0 _aColección primera biblioteca
_v51
_962572
999 _c35870
_d35870